| 000 | 01395nam a2200253 a 4500 | ||
|---|---|---|---|
| 999 |
_c768 _d768 |
||
| 003 | AR-BaISA | ||
| 005 | 20220224145209.0 | ||
| 006 | a|||||r|||| 00| 0 | ||
| 007 | ta | ||
| 008 | 220224s2021 ag ado|| |||| 000 0bspa d | ||
| 020 | _a978975704596 | ||
| 040 |
_bspa _cAR-BaISA |
||
| 082 | 0 | 4 |
_222 _a615.82 B279 |
| 100 | 1 |
_91830 _aBarroca, Enrique _eaut. |
|
| 245 | 1 | 0 |
_aFisioterapia en rehabilitación funcional / _cEnrique Barroca |
| 260 |
_aBuenos Aires: _bAkadia, _c2021 |
||
| 300 |
_a489 p.: _bil., graf., fot. |
||
| 504 | _aBibliografía p.: [487]-489 | ||
| 505 |
_tFISIOTERAPIA: _tRadiaciones infrarrojas -- _tRadiaciones ultravioletas (RUV) -- _tRadiación L.A.S.E.R. -- _tAlta frecuencia -- _tMicroondas -- _tRadio-Frecuencia -- _tMagnetoterapia -- _tTermoterapia -- _tUltrasonidos -- _tOndas de choque -- _tAeropresión -- _tELECTROTERAPIA: _tElectricidad y electrónica -- _tCorriente galvánica -- _tIontoforesis -- _tElectro-biológicas -- _tElectrodiagnóstico -- _tElectromiovaluación -- _tElectroestimulación Selectiva Neuromuscular -- _tElectrogimnasia -- _tElectroanalgesia -- _tLatrogenia en electrofisiatría -- _tAccidentología -- _tCLIMATOTERAPIA: _tClimatoterapia -- _tTalasoterapia -- _tHidrología médica -- _tHidroterapia -- _tTermalismo |
||
| 650 | 1 | 4 |
_91206 _aFisioterapia |
| 650 | 1 | 4 |
_91782 _aRehabilitación |
| 650 | 1 | 4 |
_950 _aKinesiología |
| 942 |
_2ddc _cLI _e22 |
||